Three women : (Record no. 50024)

MARC details
000 -LEADER
fixed length control field 01146nam a22002537a 4500
005 - DATE AND TIME OF LATEST TRANSACTION
control field 20110124122750.0
010 ## - LCCN (DPL NO)
LC control number ENG-101939 B-461901
020 ## - INTERNATIONAL STANDARD BOOK NUMBER
International Standard Book Number 9788184001327
Terms of availability 299.00
035 ## - SYSTEM CONTROL NUMBER
System control number EN-85472 B-461901
037 ## - SOURCE OF ACQUISITION
Source of stock number/acquisition DBAD/PUB
037 ## - SOURCE OF ACQUISITION
Source of stock number/acquisition Allied Pub/Ven
082 ## - DEWEY DECIMAL CLASSIFICATION NUMBER
Classification number N
100 ## - MAIN ENTRY--PERSONAL NAME
Personal name Tagore , Rabindranath
245 ## - TITLE STATEMENT
Title Three women :
Statement of responsibility, etc by Rabindranath Tagore ; translated by Arunava Sinha
Remainder of title Nashtneer, Dui Bon, Malancha /
260 ## - PUBLICATION, DISTRIBUTION, ETC. (IMPRINT)
Place of publication, distribution, etc Noida
Name of publisher, distributor, etc Random House Publishers
Date of publication, distribution, etc 2010
270 ## - ADDRESS
Address MindMill Corporate Tower, 2nd Floor, Plot No. 24 A, Sector 16 A,
City Noida
Postal code 201301
300 ## - PHYSICAL DESCRIPTION
Extent xiv,206p.
Dimensions 20cm (pbk)
490 ## - SERIES STATEMENT
Series statement The Random House India classic series
-- 48432
700 ## - ADDED ENTRY--PERSONAL NAME
Personal name Sinha,Arunava
9 (RLIN) 25496
942 ## - ADDED ENTRY ELEMENTS (KOHA)
Source of classification or shelving scheme Dewey Decimal Classification
Item type English Books
Classification part N
Call number suffix TAG
Holdings
Withdrawn status Lost status Not for loan Collection code Home library Current library Date acquired Source of acquisition Cost, normal purchase price Full call number Barcode Copy number Cost, replacement price Koha item type
      Fiction Central Library Central Library 04/06/2012 Allied Pub/1810/30.01.2012/21/16.01.2012/10.02.2012 299.00 N TAG B-461901 1 299.00 English Books
    Not For Loan Fiction D.B.Act.Division D.B.Act.Division 24/01/2011 DBAD/PUB 299.00 N TAG EN-85472 1 299.00 English Books

© Delhi Public Library
Hit Counter
free hit counter